UP Words and DOWN Words Quiz Stats

Quiz Updated Mar 19, 2015

Challenge
Share
Tweet
Embed
Score 0/28 Timer 05:00
3 Plays Today
% Correct
Upon
96.6%
Downtown
91.4%
Download
91.2%
Downhill
90.1%
Downpour
88.7%
Upstream
85.8%
Downey
85.3%
Downsize
85%
Downton
84%
Downplay
82.4%
Uppercut
82%
Downright
80.8%
Downstairs
80.4%
Downwind
80.3%
% Correct
Upset
79.6%
Uppercase
78.2%
Upchuck
76.5%
Upperclassman
73.7%
Upholstery
71.7%
Downspout
68.3%
Downing
67.5%
Upheaval
65.7%
Upsilon
63.3%
Uppity
62.7%
Uplifting
60.9%
Downgrade
50.1%
Updike
39.4%
Uptight
37.7%

You're not logged in!

Compare scores with friends on all Sporcle quizzes.
Join for Free
OR
Log In

You Might Also Like...

Show Comments

Extras

Top Quizzes Today


Score Distribution

Your Account Isn't Verified!

In order to create a playlist on Sporcle, you need to verify the email address you used during registration. Go to your Sporcle Settings to finish the process.

Report this User

Report this user for behavior that violates our Community Guidelines.

Details: